[Event "NK21_Hoogeveen Open"]
[Site "Hoogeveen, Netherlands"]
[Date "2021.10.18"]
[Round "4.1"]
[White "Bezemer, Arno"]
[Black "De Winter, Arthur"]
[Result "1/2-1/2"]
[WhiteElo "2283"]
[BlackElo "2034"]

1. g3 {[%clk 01:30:50]} {[%emt 00:00:09]} Nf6 {[%clk 01:29:55]} {[%emt
00:01:05]} 2. Bg2 {[%clk 01:31:12]} {[%emt 00:00:08]} g6 {[%clk 01:28:16]}
{[%emt 00:02:10]} 3. c4 {[%clk 01:30:48]} {[%emt 00:00:53]} Bg7 {[%clk
01:28:07]} {[%emt 00:00:46]} 4. Nc3 {[%clk 01:31:04]} {[%emt 00:00:07]} O-O
{[%clk 01:28:08]} {[%emt 00:00:29]} 5. Nf3 {[%clk 01:31:22]} {[%emt 00:00:13]}
d6 {[%clk 01:28:17]} {[%emt 00:00:20]} 6. O-O {[%clk 01:31:39]} {[%emt
00:00:13]} Nbd7 {[%clk 01:26:51]} {[%emt 00:01:56]} 7. d3 {[%clk 01:31:09]}
{[%emt 00:01:00]} e5 {[%clk 01:25:36]} {[%emt 00:01:45]} 8. Rb1 {[%clk
01:30:58]} {[%emt 00:00:41]} Re8 {[%clk 01:22:07]} {[%emt 00:03:58]} 9. Qc2
{[%clk 01:24:14]} {[%emt 00:07:15]} Nf8 {[%clk 01:15:38]} {[%emt 00:06:59]} 10.
b4 {[%clk 01:19:39]} {[%emt 00:05:05]} Bd7 {[%clk 01:12:51]} {[%emt 00:03:16]}
11. Rd1 {[%clk 01:06:37]} {[%emt 00:13:32]} Qc8 {[%clk 01:05:30]} {[%emt
00:07:50]} 12. Nd5 {[%clk 00:54:47]} {[%emt 00:12:21]} c6 {[%clk 00:54:51]}
{[%emt 00:11:08]} 13. Nxf6+ {[%clk 00:54:24]} {[%emt 00:00:54]} Bxf6 {[%clk
00:55:14]} {[%emt 00:00:06]} 14. Bb2 {[%clk 00:51:23]} {[%emt 00:03:31]} Bh3
{[%clk 00:51:58]} {[%emt 00:03:45]} 15. Bh1 {[%clk 00:49:09]} {[%emt 00:02:45]}
h5 {[%clk 00:45:56]} {[%emt 00:06:32]} 16. Qd2 {[%clk 00:38:15]} {[%emt
00:11:24]} h4 {[%clk 00:39:43]} {[%emt 00:06:44]} 17. Ng5 {[%clk 00:36:18]}
{[%emt 00:02:27]} Bf5 {[%clk 00:30:48]} {[%emt 00:09:25]} 18. Ne4 {[%clk
00:35:14]} {[%emt 00:01:34]} Bxe4 {[%clk 00:26:57]} {[%emt 00:04:20]} 19. Bxe4
{[%clk 00:35:06]} {[%emt 00:00:39]} Ne6 {[%clk 00:26:09]} {[%emt 00:01:18]} 20.
f4 {[%clk 00:23:58]} {[%emt 00:11:38]} Ng7 {[%clk 00:21:03]} {[%emt 00:05:35]}
21. Rf1 {[%clk 00:21:42]} {[%emt 00:02:46]} hxg3 {[%clk 00:17:01]} {[%emt
00:04:33]} 22. hxg3 {[%clk 00:22:02]} {[%emt 00:00:10]} Qg4 {[%clk 00:15:41]}
{[%emt 00:01:50]} 23. Rf2 {[%clk 00:07:49]} {[%emt 00:14:43]} Qxg3+ {[%clk
00:09:40]} {[%emt 00:06:31]} 24. Rg2 {[%clk 00:08:13]} {[%emt 00:00:06]} Qh4
{[%clk 00:09:35]} {[%emt 00:00:35]} 25. Rf1 {[%clk 00:04:35]} {[%emt 00:04:08]}
Rad8 {[%clk 00:05:04]} {[%emt 00:05:02]} 26. Rh2 {[%clk 00:02:56]} {[%emt
00:02:09]} Qg4+ {[%clk 00:05:19]} {[%emt 00:00:15]} 27. Rg2 {[%clk 00:03:24]}
{[%emt 00:00:01]} Qh4 {[%clk 00:05:08]} {[%emt 00:00:41]} 28. Rh2 {[%clk
00:02:54]} {[%emt 00:01:01]} Qg4+ {[%clk 00:05:33]} {[%emt 00:00:05]} 29. Rg2
{[%clk 00:02:52]} {[%emt 00:00:32]} Qh4 {[%clk 00:05:57]} {[%emt 00:00:05]}
1/2-1/2

[Event "NK21_Hoogeveen Open"]
[Site "Hoogeveen, Netherlands"]
[Date "2021.10.18"]
[Round "4.2"]
[White "Shakhverdian, William"]
[Black "Van Den Berg, Bram"]
[Result "1/2-1/2"]
[WhiteElo "2067"]
[BlackElo "2209"]

1. d4 {[%emt 00:00:10]} e5 {[%clk 01:30:39]} {[%emt 00:00:14]} 2. dxe5 {[%clk
01:30:45]} {[%emt 00:00:41]} Nc6 {[%clk 01:30:54]} {[%emt 00:00:15]} 3. Nf3
{[%clk 01:27:24]} {[%emt 00:03:51]} Qe7 {[%clk 01:26:35]} {[%emt 00:04:49]} 4.
Nc3 {[%clk 01:13:33]} {[%emt 00:14:21]} Nxe5 {[%clk 01:26:55]} {[%emt
00:00:10]} 5. Nd5 {[%clk 01:13:03]} {[%emt 00:00:59]} Nxf3+ {[%clk 01:27:19]}
{[%emt 00:00:05]} 6. gxf3 {[%clk 01:13:27]} {[%emt 00:00:06]} Qd8 {[%clk
01:27:47]} {[%emt 00:00:03]} 7. Bf4 {[%clk 01:12:56]} {[%emt 00:01:00]} d6
{[%clk 01:23:09]} {[%emt 00:05:08]} 8. e4 {[%clk 01:09:39]} {[%emt 00:03:47]}
Be6 {[%clk 01:19:52]} {[%emt 00:03:47]} 9. Qd2 {[%clk 00:59:00]} {[%emt
00:11:09]} c6 {[%clk 01:14:22]} {[%emt 00:06:00]} 10. Nc3 {[%clk 00:56:49]}
{[%emt 00:02:41]} Qa5 {[%clk 01:11:48]} {[%emt 00:03:04]} 11. Ne2 {[%clk
00:45:49]} {[%emt 00:11:30]} Qxd2+ {[%clk 01:10:09]} {[%emt 00:02:09]} 12. Bxd2
{[%clk 00:46:09]} {[%emt 00:00:10]} Be7 {[%clk 01:05:21]} {[%emt 00:05:17]} 13.
O-O-O {[%clk 00:45:17]} {[%emt 00:01:23]} O-O-O {[%clk 01:01:19]} {[%emt
00:04:31]} 14. Rg1 {[%clk 00:43:39]} {[%emt 00:02:09]} Bf6 {[%clk 00:55:25]}
{[%emt 00:06:24]} 15. Ba5 {[%clk 00:42:51]} {[%emt 00:01:18]} b6 {[%clk
00:51:55]} {[%emt 00:04:00]} 16. Bb4 {[%clk 00:40:53]} {[%emt 00:02:28]} Kc7
{[%clk 00:44:27]} {[%emt 00:07:57]} 17. f4 {[%clk 00:38:46]} {[%emt 00:02:37]}
g6 {[%clk 00:38:14]} {[%emt 00:06:44]} 18. Rg3 {[%clk 00:31:56]} {[%emt
00:07:19]} d5 {[%clk 00:30:26]} {[%emt 00:08:18]} 19. f5 {[%clk 00:26:08]}
{[%emt 00:06:18]} gxf5 {[%clk 00:27:45]} {[%emt 00:03:11]} 20. exd5 {[%clk
00:25:59]} {[%emt 00:00:40]} Rxd5 {[%clk 00:27:07]} {[%emt 00:01:08]} 21. Rxd5
{[%clk 00:25:27]} {[%emt 00:01:01]} cxd5 {[%clk 00:25:57]} {[%emt 00:01:40]} 22.
Bc3 {[%clk 00:21:15]} {[%emt 00:04:40]} Bxc3 {[%clk 00:23:25]} {[%emt
00:03:03]} 23. Rxc3+ {[%clk 00:21:38]} {[%emt 00:00:08]} Kb7 {[%clk 00:18:07]}
{[%emt 00:05:48]} 24. Nf4 {[%clk 00:20:19]} {[%emt 00:01:48]} Nf6 {[%clk
00:17:46]} {[%emt 00:00:51]} 25. Re3 {[%clk 00:15:43]} {[%emt 00:05:07]} Re8
{[%clk 00:13:11]} {[%emt 00:05:04]} 26. Bb5 {[%clk 00:12:32]} {[%emt 00:03:41]}
Re7 {[%clk 00:09:17]} {[%emt 00:04:24]} 27. Rh3 {[%clk 00:12:31]} {[%emt
00:00:31]} Kc7 {[%clk 00:06:01]} {[%emt 00:03:46]} 28. Rh6 {[%clk 00:12:26]}
{[%emt 00:00:35]} Ne4 {[%clk 00:06:19]} {[%emt 00:00:12]} 29. Rxh7 {[%clk
00:12:27]} {[%emt 00:00:29]} Kd6 {[%clk 00:06:45]} {[%emt 00:00:05]} 30. Nd3
{[%clk 00:07:51]} {[%emt 00:05:06]} a6 {[%clk 00:06:07]} {[%emt 00:01:08]} 31.
Ba4 {[%clk 00:07:12]} {[%emt 00:01:09]} b5 {[%clk 00:06:11]} {[%emt 00:00:26]}
32. Bb3 {[%clk 00:07:34]} {[%emt 00:00:07]} Re8 {[%clk 00:06:37]} {[%emt
00:00:03]} 33. Rg7 {[%clk 00:05:58]} {[%emt 00:02:07]} Rh8 {[%clk 00:06:02]}
{[%emt 00:01:06]} 34. f3 {[%clk 00:05:36]} {[%emt 00:00:51]} Nf6 {[%clk
00:05:28]} {[%emt 00:01:04]} 35. Rg2 {[%clk 00:05:30]} {[%emt 00:00:36]} Rh3
{[%clk 00:05:32]} {[%emt 00:00:25]} 36. Rf2 {[%clk 00:05:16]} {[%emt 00:00:44]}
a5 {[%clk 00:04:09]} {[%emt 00:01:54]} 37. c3 {[%clk 00:04:39]} {[%emt
00:01:08]} d4 {[%clk 00:03:08]} {[%emt 00:01:31]} 38. Bxe6 {[%clk 00:01:01]}
{[%emt 00:04:08]} fxe6 {[%clk 00:03:24]} {[%emt 00:00:13]} 39. cxd4 {[%clk
00:01:27]} {[%emt 00:00:04]} Rh4 {[%clk 00:03:45]} {[%emt 00:00:09]} 40. Rd2
{[%clk 00:00:46]} {[%emt 00:01:11]} Rxd4 {[%clk 00:01:35]} {[%emt 00:02:41]} 41.
Ne1 {[%clk 00:29:26]} {[%emt 00:01:50]} Ke5 {[%emt 00:18:33]} 1/2-1/2

[Event "NK21_Hoogeveen Open"]
[Site "Hoogeveen, Netherlands"]
[Date "2021.10.18"]
[Round "4.3"]
[White "Tabak, Stefan"]
[Black "Miulescu, Gabriel"]
[Result "1-0"]
[WhiteElo "2168"]
[BlackElo "2036"]

1. e4 {[%clk 01:30:30]} c5 {[%clk 01:29:10]} {[%emt 00:12:18]} 2. Nf3 {[%clk
01:31:21]} {[%emt 00:00:06]} e6 {[%clk 01:29:33]} {[%emt 00:00:07]} 3. b4
{[%clk 01:31:25]} {[%emt 00:00:26]} b6 {[%clk 01:27:54]} {[%emt 00:02:09]} 4.
bxc5 {[%clk 01:31:02]} {[%emt 00:00:52]} bxc5 {[%clk 01:28:14]} {[%emt
00:00:10]} 5. Nc3 {[%clk 01:30:59]} {[%emt 00:00:33]} Nc6 {[%clk 01:28:10]}
{[%emt 00:00:35]} 6. Bb5 {[%clk 01:30:23]} {[%emt 00:01:06]} Qc7 {[%clk
01:27:35]} {[%emt 00:01:05]} 7. O-O {[%clk 01:29:30]} {[%emt 00:01:23]} a6
{[%clk 01:25:32]} {[%emt 00:02:34]} 8. Bc4 {[%clk 01:19:47]} {[%emt 00:10:13]}
Na5 {[%clk 01:21:37]} {[%emt 00:04:25]} 9. Be2 {[%clk 01:19:40]} {[%emt
00:00:37]} Bb7 {[%clk 01:20:12]} {[%emt 00:01:55]} 10. Rb1 {[%clk 01:19:13]}
{[%emt 00:00:56]} d6 {[%clk 01:17:19]} {[%emt 00:03:24]} 11. d4 {[%clk
01:13:39]} {[%emt 00:06:04]} cxd4 {[%clk 01:16:26]} {[%emt 00:01:23]} 12. Qxd4
{[%clk 01:13:22]} {[%emt 00:00:46]} Nf6 {[%clk 01:15:20]} {[%emt 00:01:36]} 13.
Bd2 {[%clk 00:49:21]} {[%emt 00:24:31]} Nd7 {[%clk 01:02:24]} {[%emt 00:13:26]}
14. Nd5 {[%clk 00:40:36]} {[%emt 00:09:15]} exd5 {[%clk 00:55:50]} {[%emt
00:07:05]} 15. Bxa5 {[%clk 00:40:59]} {[%emt 00:00:06]} Qxa5 {[%clk 00:53:05]}
{[%emt 00:03:16]} 16. Rxb7 {[%clk 00:41:23]} {[%emt 00:00:06]} Be7 {[%clk
00:39:26]} {[%emt 00:14:08]} 17. exd5 {[%clk 00:37:00]} {[%emt 00:04:53]} Bf6
{[%clk 00:28:23]} {[%emt 00:11:34]} 18. Qe4+ {[%clk 00:30:58]} {[%emt
00:06:31]} Ne5 {[%clk 00:27:09]} {[%emt 00:01:44]} 19. Nxe5 {[%clk 00:30:07]}
{[%emt 00:01:21]} dxe5 {[%clk 00:26:51]} {[%emt 00:00:48]} 20. Bd3 {[%clk
00:27:20]} {[%emt 00:03:16]} Qxa2 {[%clk 00:25:02]} {[%emt 00:02:20]} 21. f4
{[%clk 00:24:03]} {[%emt 00:03:47]} O-O-O {[%clk 00:19:00]} {[%emt 00:06:32]}
22. Rfb1 {[%clk 00:18:45]} {[%emt 00:05:48]} 1-0

[Event "NK21_Hoogeveen Open"]
[Site "Hoogeveen, Netherlands"]
[Date "2021.10.18"]
[Round "4.4"]
[White "Gutkind, Kedem"]
[Black "Van Der Hagen, Loek"]
[Result "0-1"]
[WhiteElo "2112"]
[BlackElo "2010"]

1. d4 {[%clk 01:30:58]} {[%emt 00:00:01]} Nf6 {[%clk 01:30:55]} {[%emt
00:00:06]} 2. Nf3 {[%clk 01:31:24]} {[%emt 00:00:03]} g6 {[%clk 01:31:19]}
{[%emt 00:00:06]} 3. Nc3 {[%clk 01:31:43]} {[%emt 00:00:10]} Bg7 {[%clk
01:31:16]} {[%emt 00:00:33]} 4. e4 {[%clk 01:32:06]} {[%emt 00:00:07]} d6
{[%clk 01:31:38]} {[%emt 00:00:08]} 5. Be2 {[%clk 01:32:23]} {[%emt 00:00:12]}
O-O {[%clk 01:31:43]} {[%emt 00:00:25]} 6. O-O {[%clk 01:32:44]} {[%emt
00:00:09]} a6 {[%clk 01:25:21]} {[%emt 00:06:52]} 7. a4 {[%clk 01:32:54]}
{[%emt 00:00:20]} Nc6 {[%clk 01:21:28]} {[%emt 00:04:24]} 8. h3 {[%clk
01:14:49]} {[%emt 00:18:35]} e5 {[%clk 01:20:40]} {[%emt 00:01:18]} 9. d5
{[%clk 01:09:53]} {[%emt 00:05:26]} Ne7 {[%clk 01:20:47]} {[%emt 00:00:23]} 10.
Nd2 {[%clk 00:59:54]} {[%emt 00:10:29]} Nd7 {[%clk 01:19:48]} {[%emt 00:01:28]}
11. a5 {[%clk 00:58:38]} {[%emt 00:01:46]} f5 {[%clk 01:19:44]} {[%emt
00:00:34]} 12. Na4 {[%clk 00:56:31]} {[%emt 00:02:37]} Nf6 {[%clk 01:19:07]}
{[%emt 00:01:06]} 13. f3 {[%clk 00:52:11]} {[%emt 00:04:50]} Bh6 {[%clk
01:09:57]} {[%emt 00:09:40]} 14. c4 {[%clk 00:52:04]} {[%emt 00:00:37]} Nh5
{[%clk 00:58:51]} {[%emt 00:11:36]} 15. Ra3 {[%clk 00:45:34]} {[%emt 00:07:00]}
Ng3 {[%clk 00:24:23]} {[%emt 00:34:58]} 16. Re1 {[%clk 00:43:07]} {[%emt
00:02:57]} Bxd2 {[%clk 00:23:23]} {[%emt 00:01:29]} 17. Bxd2 {[%clk 00:38:07]}
{[%emt 00:05:31]} fxe4 {[%clk 00:23:18]} {[%emt 00:00:35]} 18. fxe4 {[%clk
00:37:14]} {[%emt 00:01:23]} Nxe4 {[%clk 00:22:56]} {[%emt 00:00:52]} 19. Bh6
{[%clk 00:37:00]} {[%emt 00:00:44]} Rf7 {[%clk 00:22:54]} {[%emt 00:00:32]} 20.
g4 {[%clk 00:34:49]} {[%emt 00:02:41]} Bd7 {[%clk 00:20:50]} {[%emt 00:02:34]}
21. Bf3 {[%clk 00:31:57]} {[%emt 00:03:22]} Bxa4 {[%clk 00:19:03]} {[%emt
00:02:17]} 22. Qxa4 {[%clk 00:30:55]} {[%emt 00:01:32]} Nc5 {[%clk 00:18:38]}
{[%emt 00:00:55]} 23. Qc2 {[%clk 00:29:02]} {[%emt 00:02:23]} Nc8 {[%clk
00:15:18]} {[%emt 00:03:50]} 24. b4 {[%clk 00:26:46]} {[%emt 00:02:46]} Qh4
{[%clk 00:14:08]} {[%emt 00:01:39]} 25. Rf1 {[%clk 00:08:32]} {[%emt 00:18:45]}
Qxh6 {[%clk 00:12:54]} {[%emt 00:01:44]} 26. bxc5 {[%clk 00:08:57]} {[%emt
00:00:05]} Qxh3 {[%clk 00:12:40]} {[%emt 00:00:44]} 27. cxd6 {[%clk 00:08:52]}
{[%emt 00:00:35]} Nxd6 {[%clk 00:12:25]} {[%emt 00:00:45]} 28. c5 {[%clk
00:06:41]} {[%emt 00:02:42]} Nb5 {[%clk 00:11:31]} {[%emt 00:01:23]} 29. Re3
{[%clk 00:06:33]} {[%emt 00:00:38]} Raf8 {[%clk 00:09:26]} {[%emt 00:02:35]} 30.
Qg2 {[%clk 00:06:33]} {[%emt 00:00:30]} Qxg2+ {[%clk 00:05:56]} {[%emt
00:04:00]} 31. Bxg2 {[%clk 00:06:53]} {[%emt 00:00:09]} Rxf1+ {[%clk 00:05:10]}
{[%emt 00:01:16]} 32. Bxf1 {[%clk 00:07:21]} {[%emt 00:00:01]} Nd4 {[%clk
00:03:02]} {[%emt 00:02:39]} 33. Bc4 {[%clk 00:06:15]} {[%emt 00:01:36]} Kg7
{[%clk 00:03:11]} {[%emt 00:00:21]} 34. Kg2 {[%clk 00:06:41]} {[%emt 00:00:04]}
Kf6 {[%clk 00:03:19]} {[%emt 00:00:22]} 35. g5+ {[%clk 00:06:19]} {[%emt
00:00:52]} Kxg5 {[%clk 00:02:57]} {[%emt 00:00:52]} 36. Rxe5+ {[%clk 00:06:43]}
{[%emt 00:00:06]} Nf5 {[%clk 00:01:36]} {[%emt 00:01:51]} 37. Kf3 {[%clk
00:02:14]} {[%emt 00:04:59]} h5 {[%clk 00:01:40]} {[%emt 00:00:26]} 38. c6
{[%clk 00:02:07]} {[%emt 00:00:37]} bxc6 {[%clk 00:01:45]} {[%emt 00:00:25]} 39.
dxc6 {[%clk 00:02:29]} {[%emt 00:00:07]} Rf6 {[%clk 00:01:22]} {[%emt
00:00:53]} 40. Rc5 {[%clk 00:02:49]} {[%emt 00:00:10]} Rxc6 {[%clk 00:01:04]}
{[%emt 00:00:48]} 0-1

[Event "NK21_Hoogeveen Open"]
[Site "Hoogeveen, Netherlands"]
[Date "2021.10.18"]
[Round "4.5"]
[White "Hoffman, Ron"]
[Black "Willemsma, Abe"]
[Result "1/2-1/2"]
[WhiteElo "1977"]
[BlackElo "2095"]

1. d4 {[%clk 01:30:30]} {[%emt 00:07:30]} g6 {[%clk 01:30:51]} {[%emt
00:00:10]} 2. Bf4 {[%clk 01:31:24]} {[%emt 00:00:05]} Bg7 {[%clk 01:31:02]}
{[%emt 00:00:19]} 3. e3 {[%clk 01:31:50]} {[%emt 00:00:05]} d6 {[%clk
01:31:17]} {[%emt 00:00:15]} 4. Nf3 {[%clk 01:31:19]} {[%emt 00:01:01]} Nd7
{[%clk 01:31:02]} {[%emt 00:00:45]} 5. h3 {[%clk 01:30:43]} {[%emt 00:01:08]}
e5 {[%clk 01:30:23]} {[%emt 00:01:08]} 6. Bh2 {[%clk 01:26:30]} {[%emt
00:04:43]} Ne7 {[%clk 01:30:02]} {[%emt 00:00:51]} 7. Be2 {[%clk 01:22:30]}
{[%emt 00:04:31]} O-O {[%clk 01:30:00]} {[%emt 00:00:31]} 8. O-O {[%clk
01:22:24]} {[%emt 00:00:35]} Nf5 {[%clk 01:29:27]} {[%emt 00:01:04]} 9. c4
{[%clk 01:15:30]} {[%emt 00:07:25]} exd4 {[%clk 01:27:26]} {[%emt 00:02:30]} 10.
exd4 {[%clk 01:10:09]} {[%emt 00:05:52]} c5 {[%clk 01:27:23]} {[%emt 00:00:33]}
1/2-1/2

[Event "NK21_Hoogeveen Open"]
[Site "Hoogeveen, Netherlands"]
[Date "2021.10.18"]
[Round "4.7"]
[White "Mol, Christiaan"]
[Black "Roobol, Martin"]
[Result "1/2-1/2"]
[WhiteElo "1913"]
[BlackElo "2296"]

1. d4 {[%clk 01:30:57]} {[%emt 00:00:01]} Nf6 {[%clk 01:30:52]} {[%emt
00:00:08]} 2. c4 {[%clk 01:31:22]} {[%emt 00:00:05]} g6 {[%clk 01:31:16]}
{[%emt 00:00:06]} 3. Nc3 {[%clk 01:31:35]} {[%emt 00:00:18]} Bg7 {[%clk
01:31:40]} {[%emt 00:00:05]} 4. e4 {[%clk 01:31:30]} {[%emt 00:00:35]} d6
{[%clk 01:32:03]} {[%emt 00:00:07]} 5. f3 {[%clk 01:31:02]} {[%emt 00:00:59]}
O-O {[%clk 01:32:26]} {[%emt 00:00:07]} 6. Be3 {[%clk 01:31:28]} {[%emt
00:00:04]} a6 {[%clk 01:31:10]} {[%emt 00:01:47]} 7. Qd2 {[%clk 01:29:26]}
{[%emt 00:02:33]} Nbd7 {[%clk 01:30:51]} {[%emt 00:00:48]} 8. Nh3 {[%clk
01:21:23]} {[%emt 00:08:33]} c5 {[%clk 01:18:00]} {[%emt 00:13:21]} 9. Be2
{[%clk 01:09:18]} {[%emt 00:12:36]} cxd4 {[%clk 01:06:39]} {[%emt 00:11:51]} 10.
Bxd4 {[%clk 01:09:36]} {[%emt 00:00:11]} Ne5 {[%clk 00:56:44]} {[%emt
00:10:25]} 11. Nf2 {[%clk 01:08:03]} {[%emt 00:02:03]} Qa5 {[%clk 00:53:23]}
{[%emt 00:03:51]} 12. b4 {[%clk 00:56:05]} {[%emt 00:12:28]} Qd8 {[%clk
00:47:30]} {[%emt 00:06:23]} 13. Nd5 {[%clk 00:40:21]} {[%emt 00:16:14]} Ned7
{[%clk 00:44:21]} {[%emt 00:03:39]} 14. O-O {[%clk 00:39:43]} {[%emt 00:01:08]}
Nxd5 {[%clk 00:43:40]} {[%emt 00:01:11]} 15. cxd5 {[%clk 00:38:04]} {[%emt
00:02:10]} f5 {[%clk 00:41:45]} {[%emt 00:02:25]} 16. Bxg7 {[%clk 00:27:25]}
{[%emt 00:11:09]} Kxg7 {[%clk 00:42:09]} {[%emt 00:00:05]} 17. Qd4+ {[%clk
00:27:52]} {[%emt 00:00:03]} Kg8 {[%clk 00:40:49]} {[%emt 00:01:51]} 18. exf5
{[%clk 00:24:56]} {[%emt 00:03:26]} gxf5 {[%clk 00:41:11]} {[%emt 00:00:08]} 19.
Nd3 {[%clk 00:23:17]} {[%emt 00:02:10]} Qb6 {[%clk 00:41:08]} {[%emt 00:00:33]}
20. Qxb6 {[%clk 00:23:13]} {[%emt 00:00:34]} Nxb6 {[%clk 00:41:35]} {[%emt
00:00:03]} 21. Nf4 {[%clk 00:23:19]} {[%emt 00:00:23]} Bd7 {[%clk 00:42:01]}
{[%emt 00:00:04]} 22. Rfe1 {[%clk 00:19:02]} {[%emt 00:04:47]} 1/2-1/2